Score 0/20 Timer 03:00
2 Plays Today
Song Missing Word % Correct
Raindrops Keep ____ On My HeadFallin'
94.1%
____ RainPurple
93.1%
Don't Rain on My ____Parade
90.4%
It's Raining ____Men
89.2%
Here ____ the Rain AgainComes
88%
____ in the RainSingin'
84%
Set ____ to the RainFire
76.7%
____ It On the RainBlame
75.6%
Rainy ____ in SoHoNight
71.3%
I ____ a Rainy NightLove
65.5%
Song Missing Word % Correct
Who'll ____ the RainStop
64.5%
I ____ It Would Rain DownWish
62.2%
____ RainNo
46.4%
_____ RainNovember
41%
A ____ Without RainYear
36.3%
Blue ____ Crying in the RainEyes
35.9%
It _____ RainWill
35.6%
A ____ Rain's A-Gonna FallHard
32.8%
Only ____ When It RainsHappy
31.6%
Raining on ____Sunday
15%

Today's Daily Dose

Remove Ads.
Support Sporcle.
Get the best of Sporcle when you Go Orange. This ad-free experience offers more features, more stats, and more fun while also helping to support Sporcle. Thank you for becoming a member.

You're not logged in!

Compare scores with friends on all Sporcle quizzes.
OR
Log In

Show Comments

Extras

Top Quizzes Today


Score Distribution

Your Account Isn't Verified!

In order to create a playlist on Sporcle, you need to verify the email address you used during registration. Go to your Sporcle Settings to finish the process.

Report this User

Report this user for behavior that violates our Community Guidelines.

Details: